| 000 | 00653nam a2200253Ia 4500 | ||
|---|---|---|---|
| 008 | 170712s9999 xx 000 0 und d | ||
| 020 | _a9789712719035 | ||
| 050 | _a791.43 | ||
| 050 | _bD418 2007 | ||
| 100 | _aDeocampo, Nick | ||
| 245 | _aCine : | ||
| 245 | _bspanish influences on early cinema in the Philippines / | ||
| 245 | _cby Nick Deocampo. | ||
| 260 | _aPhilippines : | ||
| 260 | _bAnvil, | ||
| 260 | _c2007 | ||
| 300 | _a394 pages : | ||
| 300 | _billustrations ; | ||
| 300 | _c23cm. | ||
| 500 | _aIncludes bibliography and index. | ||
| 650 | _aMotion pictures -- | ||
| 650 | _aTitle. | ||
| 650 | _xPhilippines -- History. | ||
| 999 |
_c340308 _d340308 |
||